000 00607nam a22002297a 4500
001 sjds
003 sjds
005 20230918095934.0
008 230918b |||||||| |||| 00| 0 spa d
020 _a8485334078
020 _a9788485334070
040 _csjds
041 _aspa
100 1 _aGaleano, Eduardo
245 1 3 _aLa piedra arda /
_cEduardo Galeano, Luis de Horna
246 _aLa piedra arda
260 _aSalamanca :
_bLoguez,
_c1993
300 _a 1 volume (unpaged) :
_bcolor illustrations ;
_c24 cm
650 0 _aChildren's stories, Uruguayan
700 1 _aHorna, Luis de
942 _cBK
999 _c28354
_d28354